| 000 | 00741nam a2200217 i 4500 | ||
|---|---|---|---|
| 001 | 182196 | ||
| 003 | ES-MaACL | ||
| 005 | 20231022200359.0 | ||
| 008 | 130625s2011 sp a | |||||||| | spa d | ||
| 020 | _a978-84-9983-857-1 | ||
| 080 | _a929 Díaz Díaz, Alberto | ||
| 100 | 1 |
_aDíaz Díaz, Alberto, _d1958- _9140939 |
|
| 245 | 1 | 0 |
_aEndoscopia de América / _cAlberto Díaz-Díaz. |
| 260 |
_aMadrid : _bVisión Libros, _cD.L. 2011. |
||
| 300 |
_a321 p. : _bil. ; _c22 cm. |
||
| 546 | _aTextos en español e inglés. | ||
| 852 |
_aES-MaACL _jA-12772 _9189107 _bR.147045 _cDEPO1 _dOlim: N-5772 _xDonación: Alberto Díaz-Díaz |
||
| 903 |
_9140939 _aDíaz Díaz, Alberto, _d1958- _ednr |
||
| 942 |
_2udc _cMONOGRAFIA |
||
| 999 |
_c182196 _d182196 |
||